01019cam a22002894i 4500003000900000005001700009008004100026035002000067040003300087082001900120100003300139245004900172264004600221300005200267336002100319337002500340338002300365504002600388505023300414526000900647526000900656526000800665526000800673526000800681650001200689700002800701PE-LiUPU20250731183356.0170503s1940 r 000 0 spa d a(Sirsi) a167513 aPE-LiUPUbspacPE-LiUPUerda04a780.9bM122201 aMcKinney, Howard D.,eautor.10aMusic in history :bthe evolution of an art. 1aNew York :bAmerican book company,c1940. axx, 904 pages :bilustrations ;c23 centimeters atext2rdacontent aunmediated2rdamedia avolume2rdacarrier aIndex :pages 881-904.0 aThe arts in history -- The conjectural beginnings -- The origins of art -- Music in the life of the near east -- The music of the hellenic age -- Roman and early christian music -- The historical past -- The problematic present. aP158 aP146 aP17 aP12 aP0604aMusica.1 aAnderson, W. R.eautor.